[Event "Bundesliga 1617"]
[Site "Germany"]
[Date "2017.02.19"]
[Round "8.7"]
[White "Gauglitz, Gernot"]
[Black "Zwirs, Nico"]
[Result "0-1"]
[WhiteElo "2394"]
[BlackElo "2367"]
[PlyCount "50"]
[EventDate "2016.10.15"]
[EventType "team-tourn"]
[EventRounds "15"]
[EventCountry "GER"]
[SourceTitle "CBM 177"]
[Source "ChessBase"]
[SourceDate "2017.03.16"]
[SourceVersion "1"]
[SourceVersionDate "2017.03.16"]
[SourceQuality "1"]
[WhiteTeam "Dresden"]
[BlackTeam "Muelheim"]
[WhiteTeamCountry "GER"]
[BlackTeamCountry "GER"]

1. Nf3 d5 2. g3 Nf6 3. Bg2 c6 4. 0-0 Bf5 5. d4 e6 6. b3 Be7 7. Bb2 0-0 8. c4 h6 9. Nbd2 a5 10. Ne5 Nbd7 11. e3 a4 12. Bc3 Qc7 13. f4 axb3 14. axb3 Rxa1 15. Qxa1 Nxe5 16. fxe5 Ng4 17. Re1 Bg5 18. Nf1 Bd3 19. Bd2 f6 20. Qc3 Bxf1 21. Rxf1 fxe5 22. Rxf8+ Kxf8 23. h3 exd4 24. Qxd4 Ne5 25. Bc3 Nf3+ 0-1

[Event "BL2-Ost 1011"]
[Site "Germany"]
[Date "2010.10.10"]
[Round "1.6"]
[White "Gauglitz, Gernot"]
[Black "Hoerr, Matthias"]
[Result "1-0"]
[WhiteElo "2392"]
[BlackElo "2089"]
[PlyCount "109"]
[EventDate "2010.10.10"]
[EventType "team-tourn"]
[EventRounds "9"]
[EventCountry "GER"]
[SourceTitle "EXT 2012"]
[Source "ChessBase"]
[SourceDate "2011.11.24"]
[SourceVersion "1"]
[SourceVersionDate "2011.11.24"]
[SourceQuality "1"]
[WhiteTeam "Dresden TU"]
[BlackTeam "Koenig Plauen"]
[WhiteTeamCountry "GER"]
[BlackTeamCountry "GER"]

1. d4 Nf6 2. Nf3 g6 3. c4 Bg7 4. g3 0-0 5. Bg2 d6 6. 0-0 Nc6 7. Nc3 a6 8. b3 Rb8 9. Bb2 b5 10. cxb5 axb5 11. d5 Na5 12. Nd4 b4 13. Na4 e5 14. Nc2 Bd7 15. Ne3 Bh6 16. Bc1 Bxa4 17. bxa4 b3 18. Bd2 b2 19. Rb1 Bxe3 20. Bxa5 Bc1 21. Qc2 Ra8 22. Bc3 Nd7 23. Bxb2 Bxb2 24. Rxb2 Nc5 25. Rb4 Qd7 26. Rc1 Ra5 27. e3 f5 28. Bf1 Qf7 29. Bb5 e4 30. Qc3 Qg7 31. Rd4 Rfa8 32. Bc6 R8a7 33. Rb1 h6 34. Rb8+ Kh7 35. Rc8 g5 36. h3 Nd3 37. Rxd3 exd3 38. Qxd3 Qa1+ 39. Kh2 Qe5 40. Re8 Qf6 41. Re6 Qf8 42. Qd1 Ra8 43. Bxa8 Rxa8 44. Qc2 Qf7 45. g4 Rf8 46. Kg2 Kg7 47. Qxf5 Qxf5 48. gxf5 Rxf5 49. e4 Rf8 50. Re7+ Kf6 51. Rxc7 Ke5 52. Re7+ Kd4 53. Re6 h5 54. Rxd6 Kxe4 55. Rh6 1-0

[Event "BL2-Ost 0910"]
[Site "Germany"]
[Date "2010.04.11"]
[Round "9.1"]
[White "Gauglitz, Gernot"]
[Black "Meijers, Viesturs"]
[Result "1-0"]
[WhiteElo "2391"]
[BlackElo "2471"]
[PlyCount "77"]
[EventDate "2009.10.18"]
[EventType "team-tourn"]
[EventRounds "9"]
[EventCountry "GER"]
[SourceTitle "EXT 2011"]
[Source "ChessBase"]
[SourceDate "2010.11.26"]
[SourceVersion "1"]
[SourceVersionDate "2010.11.26"]
[SourceQuality "1"]
[WhiteTeam "Dresden USV"]
[BlackTeam "Aue Nickelhuette"]
[WhiteTeamCountry "GER"]
[BlackTeamCountry "GER"]

1. d4 Nf6 2. c4 e6 3. Nf3 d5 4. Nc3 Be7 5. Bg5 Nbd7 6. e3 0-0 7. Qc2 b6 8. cxd5 exd5 9. 0-0-0 Bb7 10. Bxf6 Nxf6 11. Bd3 c5 12. g4 cxd4 13. Nxd4 Qc7 14. f3 Bc5 15. Bf5 g6 16. g5 Nh5 17. Bg4 Ng7 18. f4 Rae8 19. Qf2 Ne6 20. Rhf1 f5 21. gxf6 Nxd4 22. exd4 Bb4 23. Kb1 Rxf6 24. Rc1 Qf7 25. Nb5 a6 26. a3 Ba5 27. Nc7 Re4 28. Be6 Rfxe6 29. Nxe6 Qxe6 30. f5 Qe7 31. f6 Qd6 32. f7+ Kf8 33. b4 Bxb4 34. axb4 Qxb4+ 35. Qb2 Qd6 36. Qc3 Qd7 37. Qb4+ Qe7 38. Qc3 Qe6 39. Qc7 1-0

[Event "Bundesliga 0809"]
[Site "Germany"]
[Date "2009.01.31"]
[Round "10.2"]
[White "Gauglitz, Gernot"]
[Black "Bezold, Michael"]
[Result "1/2-1/2"]
[WhiteElo "2397"]
[BlackElo "2513"]
[PlyCount "97"]
[EventDate "2008.10.03"]
[EventType "team-tourn"]
[EventRounds "15"]
[EventCountry "GER"]
[SourceTitle "CBM 128 Extra"]
[Source "ChessBase"]
[SourceDate "2009.03.05"]
[SourceVersion "2"]
[SourceVersionDate "2009.03.25"]
[SourceQuality "1"]
[WhiteTeam "Dresden"]
[BlackTeam "Bayern Muenchen "]
[WhiteTeamCountry "GER"]
[BlackTeamCountry "GER"]

1. d4 Nf6 2. Nf3 g6 3. g3 Bg7 4. Bg2 0-0 5. 0-0 d6 6. c4 a6 7. Nc3 Nc6 8. b3 Rb8 9. Bb2 b5 10. cxb5 axb5 11. d5 Na5 12. Nd4 b4 13. Na4 Bb7 14. e4 Re8 15. Re1 Nd7 16. Rc1 e5 17. Nb5 Bh6 18. Rc2 Re7 19. Bc1 Bxc1 20. Qxc1 Bxd5 21. Rxc7 Nf8 22. exd5 Rxb5 23. Rc8 Qd7 24. Bf1 Rb7 25. Ra8 Ra7 26. Nb6 Qc7 27. Rxa7 Qxc1 28. Rxc1 Rxa7 29. Nc8 Rd7 30. Bb5 Rd8 31. Rc7 Kg7 32. Ba6 Nd7 33. Ne7 Nc5 34. Bc8 Kf6 35. Kf1 Re8 36. Nc6 Nxc6 37. dxc6 Ne6 38. Bxe6 Kxe6 39. Rb7 Rc8 40. c7 Kd7 41. Rxb4 Rxc7 42. a4 Kc6 43. Ke2 d5 44. Kd3 Rb7 45. Rxb7 Kxb7 46. b4 Kb6 47. Kc3 Kc6 48. Kb3 Kb6 49. Kc3 1/2-1/2

[Event "Bundesliga 0809"]
[Site "Germany"]
[Date "2008.10.25"]
[Round "3.4"]
[White "Gauglitz, Gernot"]
[Black "Hansen, Sune Berg"]
[Result "1/2-1/2"]
[WhiteElo "2397"]
[BlackElo "2543"]
[PlyCount "50"]
[EventDate "2008.10.03"]
[EventType "team-tourn"]
[EventRounds "15"]
[EventCountry "GER"]
[SourceTitle "CBM 126 Extra"]
[Source "ChessBase"]
[SourceDate "2008.11.05"]
[SourceVersion "1"]
[SourceVersionDate "2008.11.05"]
[SourceQuality "1"]
[WhiteTeam "Dresden"]
[BlackTeam "Hamburger SK"]
[WhiteTeamCountry "GER"]
[BlackTeamCountry "GER"]

1. d4 d5 2. c4 c6 3. cxd5 cxd5 4. Nc3 Nf6 5. Nf3 Nc6 6. Bf4 a6 7. e3 Bg4 8. Bd3 e6 9. h3 Bxf3 10. Qxf3 Bd6 11. 0-0 0-0 12. Rac1 Rc8 13. Ne2 Bxf4 14. Nxf4 Qd6 15. Bb1 Rc7 16. Rcd1 Rfc8 17. g4 Ne7 18. h4 Nd7 19. g5 Rd8 20. Qg2 Nb6 21. b3 e5 22. dxe5 Qxe5 23. Qe4 Qxe4 24. Bxe4 Rcd7 25. Bf3 d4 1/2-1/2

[Event "BL2-Ost 0708"]
[Site "Germany"]
[Date "2008.04.20"]
[Round "9.8"]
[White "Klemm, Dietmar"]
[Black "Gauglitz, Gernot"]
[Result "0-1"]
[WhiteElo "2241"]
[BlackElo "2388"]
[PlyCount "62"]
[EventDate "2007.10.21"]
[EventType "team-tourn"]
[EventRounds "9"]
[EventCountry "GER"]
[SourceTitle "EXT 2009"]
[Source "ChessBase"]
[SourceDate "2008.11.26"]
[SourceVersion "1"]
[SourceVersionDate "2008.11.26"]
[SourceQuality "1"]
[WhiteTeam "Leipzig Gohlis"]
[BlackTeam "Dresden USV"]
[WhiteTeamCountry "GER"]
[BlackTeamCountry "GER"]

1. d4 Nf6 2. Nf3 g6 3. g3 Bg7 4. Bg2 0-0 5. 0-0 d5 6. c4 c6 7. Nc3 dxc4 8. a4 a5 9. h3 Nbd7 10. e4 Ne8 11. Qe2 Nb6 12. Rd1 f5 13. Bg5 h6 14. Bf4 g5 15. Be5 fxe4 16. Nxe4 Nf6 17. Nc5 Qe8 18. Re1 Qf7 19. Bc7 Nbd5 20. Ne5 Qh5 21. g4 Qe8 22. Qxc4 b6 23. Bxb6 e6 24. Qc2 Nb4 25. Qd2 Nfd5 26. Nc4 Nf4 27. Bc7 Nxg2 28. Kxg2 Qf7 29. Bg3 Qf3+ 30. Kh2 Qd5 31. Rad1 Qxc4 0-1

[Event "BL2-Ost 0708"]
[Site "Germany"]
[Date "2008.04.06"]
[Round "8.8"]
[White "Gauglitz, Gernot"]
[Black "Mueller, Frank1"]
[Result "0-1"]
[WhiteElo "2388"]
[BlackElo "2238"]
[PlyCount "126"]
[EventDate "2007.10.21"]
[EventType "team-tourn"]
[EventRounds "9"]
[EventCountry "GER"]
[SourceTitle "EXT 2009"]
[Source "ChessBase"]
[SourceDate "2008.11.26"]
[SourceVersion "1"]
[SourceVersionDate "2008.11.26"]
[SourceQuality "1"]
[WhiteTeam "Dresden USV"]
[BlackTeam "Leipzig Mitte"]
[WhiteTeamCountry "GER"]
[BlackTeamCountry "GER"]

1. d4 Nf6 2. Nf3 g6 3. g3 Bg7 4. Bg2 d5 5. 0-0 0-0 6. c3 Bf5 7. Nbd2 Qc8 8. Qb3 c5 9. c4 Nc6 10. cxd5 Nb4 11. a3 Nc2 12. Ra2 cxd4 13. Nh4 Bd7 14. Nc4 Qc5 15. Qxc2 Rac8 16. b3 b5 17. Ne3 Qd6 18. Qd1 dxe3 19. Bxe3 a5 20. Qd2 b4 21. axb4 axb4 22. Bd4 e6 23. e4 e5 24. Bb2 Bb5 25. Rfa1 Ng4 26. h3 Bh6 27. Qe1 Nf6 28. Qd1 Nd7 29. Ra7 Nc5 30. Qg4 Kh8 31. R1a5 Nd3 32. Rxb5 Nxb2 33. Rbb7 Qf6 34. Rc7 Nd3 35. Rxc8 Qxf2+ 36. Kh2 Qxa7 37. Rxf8+ Bxf8 38. Qc8 Kg7 39. d6 Bxd6 40. Qd8 Qe7 41. Qxe7 Bxe7 42. Nf3 Nc5 43. Nxe5 Nxb3 44. Nc4 Bc5 45. e5 Bd4 46. g4 Nc5 47. Kg3 g5 48. Bd5 b3 49. Kf3 b2 50. Nd2 Bxe5 51. Ba2 Ne6 52. Ke4 Bc3 53. Nb1 Bb4 54. Kf5 Nd4+ 55. Kxg5 Bd6 56. Bc4 f6+ 57. Kh5 Nf3 58. Bd5 Ng1 59. Bg2 Ne2 60. Bf3 Nf4+ 61. Kh4 Ng6+ 62. Kh5 Bg3 63. g5 f5 0-1

[Event "BL2-Ost 0708"]
[Site "Germany"]
[Date "2007.11.28"]
[Round "3.7"]
[White "Testor, Sebastian"]
[Black "Gauglitz, Gernot"]
[Result "1/2-1/2"]
[WhiteElo "2188"]
[BlackElo "2388"]
[PlyCount "92"]
[EventDate "2007.10.21"]
[EventType "team-tourn"]
[EventRounds "9"]
[EventCountry "GER"]
[SourceTitle "EXT 2009"]
[Source "ChessBase"]
[SourceDate "2008.11.26"]
[SourceVersion "1"]
[SourceVersionDate "2008.11.26"]
[SourceQuality "1"]
[WhiteTeam "Passau"]
[BlackTeam "Dresden USV"]
[WhiteTeamCountry "GER"]
[BlackTeamCountry "GER"]

1. d4 Nf6 2. c4 g6 3. Nc3 d5 4. cxd5 Nxd5 5. e4 Nxc3 6. bxc3 Bg7 7. Bc4 c5 8. Ne2 cxd4 9. cxd4 Nc6 10. Be3 0-0 11. 0-0 Bg4 12. f3 Na5 13. Bd3 Be6 14. d5 Bxa1 15. Qxa1 f6 16. Qd4 Bd7 17. e5 Bf5 18. Bxf5 gxf5 19. e6 Qd6 20. Ng3 Qe5 21. Qxe5 fxe5 22. Bh6 Rad8 23. Bxf8 Kxf8 24. Rd1 f4 25. Nf5 Nc4 26. g3 fxg3 27. hxg3 Nd6 28. Nxd6 Rxd6 29. Kf2 Kg7 30. f4 Kf6 31. Kf3 Ra6 32. Rh1 Ra3+ 33. Kg4 Rd3 34. Rh6+ Kg7 35. f5 Rd4+ 36. Kf3 Rxd5 37. Ke4 Rd4+ 38. Kxe5 Rd2 39. Rh4 Rxa2 40. Rg4+ Kf8 41. Rc4 Ra5+ 42. Kf4 Kg7 43. Rc8 Ra4+ 44. Ke5 Ra5+ 45. Kf4 Ra4+ 46. Ke5 Ra5+ 1/2-1/2